Drapeaux du Pacifique - Statistiques

Statistiques générales
  • Ce quiz a été pris 224 fois
  • Le résultat moyen est 18 sur 30
Statistiques - réponses
Par images Réponse % Correct
Australie
95%
Nouvelle-Zélande
91%
Tonga
91%
Fidji
90%
Papouasie-Nouvelle-Guinée
90%
Samoa
86%
Vanuatu
85%
Micronésie
82%
Îles Marshall
80%
Palaos
80%
Nouvelle-Calédonie
79%
Tuvalu
78%
Kiribati
76%
Salomon
75%
Polynésie française
73%
Nauru
69%
Guam
63%
Wallis-et-Futuna
56%
Wake
47%
Niue
43%
Hawaï
36%
Samoa américaines
31%
Îles Cooks
27%
Île Norfolk
26%
Tokelau
23%
Îles Mariannes du Nord
20%
Île de Pâques
19%
Îles Pitcairn
18%
Atoll Johnston
13%
Îles Midway
10%
Aucun quiz correspondant
Distribution des résultats
% des personnes avec chaque résultat
Percentile par nombre de réponses
Votre historique - résultats
Vous n’avez pas pris ce quiz